| 000 | 00378nam a2200169Ia 4500 | ||
|---|---|---|---|
| 008 | 210210b1908 xxu||||| |||| 00| 0 eng d | ||
| 041 | _aeng | ||
| 082 | _a532/48 | ||
| 100 | _aMAXWELL (J Clerk) | ||
| 245 | _aTheory of heat | ||
| 260 |
_aLondon _bLongmans Green & Co _c1908 |
||
| 300 | _a348 | ||
| 650 | _aTheory | ||
| 650 | _aheat | ||
| 690 | _aPhysics | ||
| 906 | _a008413 | ||
| 999 |
_c126372 _d126372 |
||